| 000 | 00973cam a2200289 a 4500 | ||
|---|---|---|---|
| 001 | 000013242 | ||
| 005 | 20200929163156.0 | ||
| 008 | 831215s1973 cr a b 001 0 spa | ||
| 040 |
_aDO-SdBNP _cDLC _dDLC |
||
| 043 | _ancho--- | ||
| 050 | 0 | 0 |
_aKGE4632 _b.F56 1973 |
| 082 |
_annn _bF634i |
||
| 100 | 1 |
_aFlores Valeriano, Enrique. _930408 |
|
| 245 | 1 | 0 |
_aImpuesto sobre la renta y lo contencioso administrativo / _cEnrique Flores Valeriano. |
| 260 |
_aCosta Rica : _bUniversitaria Centroamericana, _c1973. |
||
| 300 |
_a542 p. : _bil. ; _c17 cm. |
||
| 490 | 1 | _aAula | |
| 504 | _aIncluye bibliografía (p. 529-531) | ||
| 650 | 0 |
_aIncome tax _xLaw and legislation _zHonduras. _930409 |
|
| 650 | 0 |
_aTax protests and appeals _zHonduras. _930410 |
|
| 650 | 0 |
_aTax courts _zHonduras. _930411 |
|
| 650 | 0 |
_aDouble taxation _zHonduras. _930412 |
|
| 830 | 0 |
_aAula ; _916604 |
|
| 910 | _aCatalogación por copia / LC | ||
| 082 | 0 | 0 |
_a343.728305/2 _a347.2830352 _219 |
| 049 | _aBNGR | ||
| 999 |
_c12874 _d12874 |
||